Responsabilidad y libertad /

Antología surgida del Foro Etica, libertad y responsabilidad, realizado en noviembre de 1999 en la ciudad de México y centrado en la reflexión ética de las conscuencias sociales de los rápidos cambios científicos y tecnológicos de fines del siglo XX. Los autores de los once ensayos aquí reunidos se...

Description complète

Enregistré dans:
Détails bibliographiques
Collectivité auteur: Foro Etica, Libertad y Responsabilidad ( México)
Autres auteurs: Hansberg, Olga Elizabeth (compilación) (compilación), Platts, Mark (compilación) (compilación)
Format: Actes de congrès Livre
Langue:espagnol
Publié: México : UNAM, Instituto de Investigaciones Filosóficas : Fondo de Cultura Económica, 2002, c2002
Collection:(Sección de Obras de Filosofía)
Sujets:
Tags: Ajouter un tag
Pas de tags, Soyez le premier à ajouter un tag!

MARC

LEADER 00000nam^a2200000^a^4500
001 000156417
005 20250521000000.0
009 20260310100504.433
020 |a 970-32-0190-3 
037 |a Acervo ITESO - Biblioteca 
041 |a ESP 
082 |a 174. 2  |b FOR 1999 
111 |a Foro Etica, Libertad y Responsabilidad (  |d 1999 :  |c México) 
245 1 0 |a Responsabilidad y libertad /  |c Foro Etica, Libertad y Responsabilidad ; comp. de O.E. Hansberg, M. Platts. 
264 4 |a México :  |b UNAM, Instituto de Investigaciones Filosóficas :  |b Fondo de Cultura Económica,  |c 2002, c2002 
300 |a 206 p. 
336 |a texto  |b txt  |2 rdacontenido 
337 |a sin mediación  |b n  |2 rdamedio 
338 |a volumen  |b nc  |2 rdasoporte 
440 1 |a (Sección de Obras de Filosofía) 
520 |a Antología surgida del Foro Etica, libertad y responsabilidad, realizado en noviembre de 1999 en la ciudad de México y centrado en la reflexión ética de las conscuencias sociales de los rápidos cambios científicos y tecnológicos de fines del siglo XX. Los autores de los once ensayos aquí reunidos se ocupan de la tarea de trazar las fronteras entre la libertad y la responsabilidad y de buscar un equilibrio indispensable, que considere tanto al individuo como a la sociedad. 
649 |a XX 
650 |a Bioética -  |x Congresos 
650 |a Etica Médica -  |x Congresos 
650 |a Etica Científica -  |x Congresos 
650 |a Libertad 
650 |a Responsabilidad 
650 |a Libre Albedrío 
650 |a Suicidio 
650 |a Eutanasia 
650 |a Muerte 
650 |a Vida 
650 |a Reproducción Asistida 
650 |a Reproducción Humana 
650 |a Salud Reproductiva 
650 |a Salud Pública 
650 |a Ingeniería Genética 
650 |a Genética 
650 |a Investigación Médica 
650 |a Medicina 
650 |a Ciencias Médicas 
650 |a Tecnología y Sociedad 
650 |a Secreto Profesional 
650 |a Derecho a la Intimidad 
650 |a Derechos Humanos 
700 |a Hansberg, Olga Elizabeth  |e (compilación) 
700 |a Platts, Mark  |e (compilación) 
910 |a Fondo General 
920 |a Impresos - Libros 
930 |a Colección General 
905 |a 101 
901 |a 0500084282  |b IT1  |c ACC  |u 20250521 
902 |a https://opac.biblio.iteso.mx/vufind/Record/000156417